Sports Quiz

Random Sports or State Quiz

Baseball Teams Quiz Stats

 Plays Quiz not verified by Sporcle

Challenge
Share
Tweet
Embed
Score 0/30 Timer 05:00
0 Plays Today
City or State Team % Correct
ChicagoWhite Sox
100%
BostonRed Sox
100%
DetroitTigers
100%
Los AngelesAngels
100%
ChicagoCubs
100%
CincinnatiReds
100%
Los AngelesDodgers
100%
New YorkMets
100%
San FranciscoGiants
100%
BaltimoreOrioles
96.4%
ClevelandIndians
96.4%
Kansas CityRoyals
96.4%
MinnesotaTwins
96.4%
New YorkYankees
96.4%
OaklandAthletics
96.4%
City or State Team % Correct
SeattleMariners
96.4%
Tampa BayRays
96.4%
TexasRangers
96.4%
TorontoBlue Jays
96.4%
ArizonaDiamondbacks
96.4%
AtlantaBraves
96.4%
ColoradoRockies
96.4%
HoustonAstros
96.4%
MiamiMarlins
96.4%
MilwaukeeBrewers
96.4%
PhiladelphiaPhillies
96.4%
PittsburghPirates
96.4%
San DiegoPadres
96.4%
St. LouisCardinals
96.4%
WashingtonNationals
92.9%

You're not logged in!

Compare scores with friends on all Sporcle quizzes.
OR
Log In

You Might Also Like...

Show Comments

Extras

Top Quizzes Today


Score Distribution

Your Account Isn't Verified!

In order to create a playlist on Sporcle, you need to verify the email address you used during registration. Go to your Sporcle Settings to finish the process.

Report this User

Report this user for behavior that violates our Community Guidelines.

Details: